| 000 | nam a22 7a 4500 | ||
|---|---|---|---|
| 999 |
_c30329 _d30329 |
||
| 008 | 190516b xxu||||| |||| 00| 0 eng d | ||
| 020 | _a9789966082961 | ||
| 040 | _amksu | ||
| 050 |
_aB 5305 _b.M35 2001 |
||
| 100 | _aMakumba, Maurice Muhatia. | ||
| 245 |
_aAn introduction to African philosophy : _bpast and present / _cMaurice Muhatia Makumba. |
||
| 260 |
_aNairobi,Kenya : _bPaulines Publications Africa, _c2007. |
||
| 300 |
_a207p. ; _c21cm. |
||
| 504 | _ainclude bibliographic references. | ||
| 650 |
_aPhilosophy _zAfrican. |
||
| 942 |
_2lcc _cAFRICANA _hB 5305 .M35 2001 |
||